000 00316nam a2200133 i 4500
001 bg
100 1 _aORZEPOWSKI, Stanisław
245 0 _aFotografia podwodna /
_cStanisław Orzepowski.
260 _aWarszawa,
_c1975.
040 _cBPK
041 _apol
942 _cKS
008 s pl f |000 0 pol
999 _c16585
_d16585
856 _uhttp://koha.tu.koszalin.pl/cgi-bin/koha/opac-detail.pl?biblionumber=16585
_yKatalog online BPK